000 00675nam a2200217Ii 4500
003 JO-AjNU
008 230605s9999||||xx |||||||||||||| ||und||
017 _a2014/9/4231
040 _aJO-AjNU
_bara
_erda
_cJO-AjNU
041 _aara
050 1 4 _aPJ7561.A399 2015
100 3 _aأبو زيد، سامي يوسف,
_eauthor
_950094
245 0 0 _aالأدب العربي الحديث (النثر)
250 _aط1
264 3 1 _aعمان:دار المسيرة،2015
300 _a421ص
336 _atext
_btxt
_2rdacontent
337 _aunmediated
_bn
_2rdamedia
338 _avolume
_bnc
_2rdacarrier
650 4 _aالنثر العربي-الأدب العربي
_950095
999 _aA22044
_c25612
_d25612